LEADER 01052nlm0 22003131i 450 001 990009821410403321 005 20140210130813.0 010 $a9780470976609$bonline 035 $a000982141 035 $aFED01000982141 035 $a(Aleph)000982141FED01 035 $a000982141 100 $a20140210d2011----km-y0itay0103----ba 101 0 $aeng 135 $adrnn-008mamaa 200 1 $a<>practical guide to mechanical ventilation$bRisorsa elettronica$fedited by Jonathon D. Truwit and Scott K. Epstein 210 $aChichester, West Sussex, UK ; Hoboken, NJ$cWiley$d2011 230 $aDocumento elettronico 336 $aTesto 337 $aFormato pdf 702 1$aTruwit,$bJonathon D. 702 1$aEpstein,$bScott K. 801 0$aIT$bUNINA$gREICAT$2UNIMARC 856 4 $zFull text per gli utenti Federico II$uhttp://onlinelibrary.wiley.com/book/10.1002/9780470976609 901 $aEB 912 $a990009821410403321 961 $aMicrobiology & Virology 996 $aPractical guide to mechanical ventilation$9835677 997 $aUNINA